[Event "Bader Memorial op"]
[Site "Heves"]
[Date "2009.03.28"]
[Round "4"]
[White "Kubinka, Andras"]
[Black "Miricz, Eniko"]
[Result "1/2-1/2"]
[WhiteElo "1951"]
[BlackElo "1585"]
[PlyCount "45"]
[EventDate "2009.03.26"]
[EventType "swiss"]
[EventRounds "7"]
[EventCountry "HUN"]
[SourceTitle "EXT 2011"]
[Source "ChessBase"]
[SourceDate "2010.11.26"]
[SourceVersion "1"]
[SourceVersionDate "2010.11.26"]
[SourceQuality "1"]

1. d4 f5 2. Bg5 g6 3. c3 Bg7 4. Nf3 d6 5. e3 Nf6 6. Qb3 e6 7. Nbd2 0-0 8. Bd3 Qe8 9. e4 Kh8 10. e5 Nfd7 11. Nc4 d5 12. Na3 c5 13. Qd1 c4 14. Bc2 a6 15. Qd2 Nc6 16. b4 b5 17. h4 h5 18. Bd1 Bb7 19. Bf4 Nd8 20. Nc2 Nf7 21. 0-0 Kh7 22. a3 Qe7 23. Be2 1/2-1/2

[Event "Bader Memorial op"]
[Site "Heves"]
[Date "2009.03.28"]
[Round "5"]
[White "Miricz, Eniko"]
[Black "Hever, Janos"]
[Result "0-1"]
[WhiteElo "1585"]
[BlackElo "1841"]
[PlyCount "22"]
[EventDate "2009.03.26"]
[EventType "swiss"]
[EventRounds "7"]
[EventCountry "HUN"]
[SourceTitle "EXT 2011"]
[Source "ChessBase"]
[SourceDate "2010.11.26"]
[SourceVersion "1"]
[SourceVersionDate "2010.11.26"]
[SourceQuality "1"]

1. e4 e6 2. d4 d5 3. Nc3 c6 4. e5 a6 5. f4 c5 6. Nf3 Qb6 7. Na4 Qa7 8. Be3 c4 9. a3 Bd7 10. Qd2 Bxa4 11. b3 cxb3 0-1

[Event "Bader Memorial op"]
[Site "Heves"]
[Date "2009.03.26"]
[Round "1"]
[White "Miricz, Eniko"]
[Black "Balogh, Pal"]
[Result "1/2-1/2"]
[WhiteElo "1585"]
[BlackElo "1966"]
[PlyCount "43"]
[EventDate "2009.03.26"]
[EventType "swiss"]
[EventRounds "7"]
[EventCountry "HUN"]
[SourceTitle "EXT 2011"]
[Source "ChessBase"]
[SourceDate "2010.11.26"]
[SourceVersion "1"]
[SourceVersionDate "2010.11.26"]
[SourceQuality "1"]

1. e4 c5 2. d4 cxd4 3. c3 dxc3 4. Nxc3 Nc6 5. Bc4 e6 6. Nf3 Be7 7. Qe2 a6 8. 0-0 d6 9. Rd1 Qc7 10. Bf4 Nf6 11. e5 dxe5 12. Nxe5 Nxe5 13. Bxe5 Qa5 14. Bxf6 Bxf6 15. Ne4 0-0 16. Nxf6+ gxf6 17. Rd3 Kh8 18. Rh3 Qe5 19. Re3 Qa5 20. Rh3 Qe5 21. Re3 Qa5 22. Rh3 1/2-1/2

[Event "Eger Osz op"]
[Site "Eger"]
[Date "2008.10.22"]
[Round "1"]
[White "Bohati, Tamas"]
[Black "Miricz, Eniko"]
[Result "1-0"]
[WhiteElo "1965"]
[BlackElo "1579"]
[PlyCount "35"]
[EventDate "2008.10.22"]
[EventType "swiss"]
[EventRounds "7"]
[EventCountry "HUN"]
[SourceTitle "EXT 2011"]
[Source "ChessBase"]
[SourceDate "2010.11.26"]
[SourceVersion "1"]
[SourceVersionDate "2010.11.26"]
[SourceQuality "1"]

1. d4 f5 2. Bg5 g6 3. Nd2 Bg7 4. e3 d6 5. Bd3 Nf6 6. Ngf3 0-0 7. 0-0 Qe8 8. c3 Nbd7 9. Re1 h6 10. Bxf6 Nxf6 11. e4 fxe4 12. Nxe4 Nxe4 13. Bxe4 g5 14. Re2 Qh5 15. Qd3 g4 16. Bg6 Qd5 17. Bh7+ Kh8 18. Nh4 1-0

[Event "Eger Tel op"]
[Site "Eger"]
[Date "2008.01.26"]
[Round "4"]
[White "Tesik, Csaba"]
[Black "Miricz, Eniko"]
[Result "1-0"]
[WhiteElo "2023"]
[BlackElo "1583"]
[PlyCount "47"]
[EventDate "2008.01.24"]
[EventType "swiss"]
[EventRounds "7"]
[EventCountry "HUN"]
[SourceTitle "EXT 2011"]
[Source "ChessBase"]
[SourceDate "2010.11.26"]
[SourceVersion "1"]
[SourceVersionDate "2010.11.26"]
[SourceQuality "1"]

1. e4 e5 2. Nf3 d5 3. exd5 e4 4. Ne5 Qxd5 5. d4 exd3 6. Nxd3 Nf6 7. Nc3 Qd8 8. Be2 Bd6 9. 0-0 0-0 10. Bf3 Nc6 11. Nb5 a6 12. Nxd6 Qxd6 13. Bf4 Qd7 14. g3 Nd5 15. Nc5 Qf5 16. Qxd5 Qxc2 17. Be4 Qxb2 18. Rab1 Qf6 19. Bg5 Qc3 20. Nxb7 Bxb7 21. Rxb7 Nd4 22. Be3 Ne2+ 23. Kg2 Rae8 24. Rb3 1-0

[Event "Eger Tel op"]
[Site "Eger"]
[Date "2008.01.25"]
[Round "3"]
[White "Miricz, Eniko"]
[Black "Bartos, Tamas"]
[Result "0-1"]
[WhiteElo "1583"]
[BlackElo "2189"]
[PlyCount "34"]
[EventDate "2008.01.24"]
[EventType "swiss"]
[EventRounds "7"]
[EventCountry "HUN"]
[SourceTitle "EXT 2011"]
[Source "ChessBase"]
[SourceDate "2010.11.26"]
[SourceVersion "1"]
[SourceVersionDate "2010.11.26"]
[SourceQuality "1"]

1. e4 e6 2. d4 d5 3. e5 c5 4. c3 Nc6 5. Nf3 Qb6 6. Be2 Nge7 7. Nbd2 cxd4 8. cxd4 Nxd4 9. 0-0 Nxe2+ 10. Qxe2 Bd7 11. a4 Nc6 12. Ng5 h6 13. Nh3 Nd4 14. Qg4 h5 15. Qd1 Rc8 16. Nf3 Nc2 17. Ra2 Qb3 0-1

[Event "HUN-chT2 Maroczy 0607"]
[Site "Hungary"]
[Date "2007.04.29"]
[Round "9"]
[White "Plaszkony, Adrienn"]
[Black "Miricz, Eniko"]
[Result "1/2-1/2"]
[WhiteElo "1460"]
[BlackElo "1548"]
[PlyCount "20"]
[EventDate "2006.11.12"]
[EventType "team"]
[EventRounds "11"]
[EventCountry "HUN"]
[SourceTitle "EXT 2008"]
[Source "ChessBase"]
[SourceDate "2007.11.25"]
[SourceVersion "1"]
[SourceVersionDate "2007.11.25"]
[SourceQuality "1"]
[WhiteTeam "Vizugy"]
[BlackTeam "Matra"]
[WhiteTeamCountry "HUN"]
[BlackTeamCountry "HUN"]

1. d4 f5 2. Nf3 Nf6 3. Nc3 g6 4. Bf4 Bg7 5. Qd3 0-0 6. e4 fxe4 7. Nxe4 Nxe4 8. Qxe4 Nc6 9. 0-0-0 d6 10. Bc4+ Kh8 1/2-1/2

[Event "HUN-chT2 Maroczy 0607"]
[Site "Hungary"]
[Date "2007.04.15"]
[Round "8"]
[White "Miricz, Eniko"]
[Black "Papp, Petra"]
[Result "1/2-1/2"]
[WhiteElo "1548"]
[BlackElo "1923"]
[PlyCount "86"]
[EventDate "2006.11.12"]
[EventType "team"]
[EventRounds "11"]
[EventCountry "HUN"]
[SourceTitle "EXT 2008"]
[Source "ChessBase"]
[SourceDate "2007.11.25"]
[SourceVersion "1"]
[SourceVersionDate "2007.11.25"]
[SourceQuality "1"]
[WhiteTeam "Matra"]
[BlackTeam "Maroczy"]
[WhiteTeamCountry "HUN"]
[BlackTeamCountry "HUN"]

1. e4 c5 2. d4 cxd4 3. c3 dxc3 4. Nxc3 e6 5. Nf3 a6 6. Bf4 Nc6 7. Bd3 Bb4 8. 0-0 Nge7 9. Qe2 0-0 10. e5 Ng6 11. Bg3 d6 12. Rad1 d5 13. h4 Be7 14. h5 Nh4 15. Nxh4 Bxh4 16. Qc2 h6 17. Bf4 Qc7 18. Qe2 f6 19. Qg4 Bg5 20. Bxg5 fxg5 21. f4 gxf4 22. Qg6 Qxe5 23. Qh7+ Kf7 24. Rxf4+ Ke7 25. Rxf8 Kxf8 26. Rf1+ Ke7 27. Qg8 Qxh5 28. Qf8+ Kd7 29. Rf7+ Qxf7 30. Qxf7+ Kd6 31. Qg6 Bd7 32. Qg3+ e5 33. Qg6+ Be6 34. Bf5 Nd4 35. Bxe6 Nxe6 36. Ne2 Rf8 37. Ng3 Rf6 38. Qe8 e4 39. Qb8+ Kc6 40. Ne2 d4 41. Qe5 e3 42. Nxd4+ Nxd4 43. Qxd4 Re6 1/2-1/2